[Event "Muensterland-ch"]
[Site "Muenster"]
[Date "2010.04.04"]
[Round "6"]
[White "Wienen, Hermann"]
[Black "Hegemann, Eike"]
[Result "1-0"]
[WhiteElo "2138"]
[BlackElo "2116"]
[PlyCount "47"]
[EventDate "2010.04.02"]
[EventType "swiss"]
[EventRounds "7"]
[EventCountry "GER"]
[SourceTitle "CBM 136 Extra"]
[Source "ChessBase"]
[SourceDate "2010.07.02"]
[SourceVersion "2"]
[SourceVersionDate "2010.07.15"]
[SourceQuality "1"]

1. e4 c5 2. Nf3 d6 3. Bc4 e6 4. d4 cxd4 5. Nxd4 Nf6 6. Nc3 a6 7. 0-0 b5 8. Bd3 Be7 9. a3 0-0 10. Kh1 Bb7 11. f4 Nbd7 12. b4 Rc8 13. Bd2 Nb6 14. Qf3 Nc4 15. Bc1 Qb6 16. Nce2 Rfe8 17. c3 e5 18. Nf5 d5 19. Bxc4 Rxc4 20. fxe5 Nxe4 21. Nh6+ Kh8 22. Nxf7+ Kg8 23. Nh6+ Kh8 24. Qf7 1-0

[Event "Muensterland-ch"]
[Site "Muenster"]
[Date "2010.04.02"]
[Round "2"]
[White "Hegemann, Eike"]
[Black "Emunds, Hans Georg"]
[Result "0-1"]
[WhiteElo "2116"]
[BlackElo "2220"]
[PlyCount "84"]
[EventDate "2010.04.02"]
[EventType "swiss"]
[EventRounds "7"]
[EventCountry "GER"]
[SourceTitle "CBM 136 Extra"]
[Source "ChessBase"]
[SourceDate "2010.07.02"]
[SourceVersion "2"]
[SourceVersionDate "2010.07.15"]
[SourceQuality "1"]

1. e4 c5 2. Nf3 Nc6 3. Bb5 d6 4. 0-0 Bd7 5. Re1 a6 6. Bxc6 Bxc6 7. c3 Nf6 8. d4 cxd4 9. cxd4 Bxe4 10. Nc3 Bxf3 11. Qxf3 e6 12. Bg5 Be7 13. Qxb7 Qc8 14. Qf3 Rb8 15. Rac1 Qb7 16. Qxb7 Rxb7 17. Bxf6 Bxf6 18. Ne4 Kd7 19. Nxf6+ gxf6 20. Rc2 Rc8 21. Rec1 Rxc2 22. Rxc2 Rb4 23. Rd2 Kc6 24. d5+ Kc5 25. dxe6 fxe6 26. f3 d5 27. Kf2 e5 28. b3 a5 29. Rc2+ Kd6 30. Ke3 a4 31. Rb2 f5 32. Kd3 d4 33. Kc2 e4 34. fxe4 fxe4 35. Rb1 Ke5 36. Rf1 axb3+ 37. axb3 Rb7 38. Rf8 Rc7+ 39. Kd1 d3 40. b4 e3 41. Re8+ Kd4 42. Rd8+ Kc3 0-1

[Event "Muensterland-ch"]
[Site "Muenster"]
[Date "2010.04.02"]
[Round "1"]
[White "Schroer, Klaus"]
[Black "Hegemann, Eike"]
[Result "1/2-1/2"]
[WhiteElo "1820"]
[BlackElo "2116"]
[PlyCount "95"]
[EventDate "2010.04.02"]
[EventType "swiss"]
[EventRounds "7"]
[EventCountry "GER"]
[SourceTitle "CBM 136 Extra"]
[Source "ChessBase"]
[SourceDate "2010.07.02"]
[SourceVersion "2"]
[SourceVersionDate "2010.07.15"]
[SourceQuality "1"]

1. e4 c5 2. c3 Nf6 3. e5 Nd5 4. d4 cxd4 5. cxd4 e6 6. Nf3 b6 7. Nc3 Nxc3 8. bxc3 Qc7 9. Qc2 d6 10. Ba3 Nd7 11. Bb5 a6 12. Bxd7+ Qxd7 13. 0-0 Bb7 14. Qe2 Rc8 15. Rac1 Be7 16. Nd2 0-0 17. f3 Rfd8 18. exd6 Bxd6 19. Bxd6 Qxd6 20. Rfd1 Qa3 21. Nc4 Qe7 22. Nxb6 Rc7 23. Na4 h5 24. Nc5 Bd5 25. c4 Bc6 26. Nxa6 Rcd7 27. Qb2 Qg5 28. Nc5 Rxd4 29. Rxd4 Qe3+ 30. Kf1 Rxd4 31. Qb8+ Kh7 32. Re1 Qc3 33. Qb1+ g6 34. Qb3 Qxc4+ 35. Qxc4 Rxc4 36. Nd3 Ra4 37. Rd1 Bb5 38. Kg1 Bxd3 39. Rxd3 Rxa2 40. h3 g5 41. h4 gxh4 42. Rd4 h3 43. gxh3 Kg6 44. Rb4 Kg5 45. Rc4 e5 46. Rb4 f5 47. h4+ Kf6 48. Rb6+ 1/2-1/2